1102 1385 1004 1356 1198 1330 1560 1165 1226 1645 1023 1453 1124 1146 1754 1016 1841 1896 1712 1446 1870 1255 1203 1126 1262 1869 1539 1856 1204 1449 1839 1813 1869 1524 1959 1491 1746 1258 1166 1380 1154 1715 1570 1358 1573 1732 1273 1091 1252 1722 1586 1039 1960 1281 1682 1554 1910 1531 1839 1254 1696 1824 1531 1110 1530 1995 1045 1447 1331 1130 1390 1849 1953 1780 1268 1203 1020 1932 1942 1333 1874 1587 1361 1924 1763 1705 1738 1452 1934 1483 1266 1165 1714 1837 1138 1126 1498 1931 1748 BCNSPRNW ULIB Ver.6.0+V

เปลี่ยนเป็นภาษาไทย

Change to English
 แสดงรายละเอียดบรรณานุกรม
  กลับหน้าหลัก

Brief Record : Get Marc (ISO 2709) : E-mail record : QR code < ปิดหน้าต่าง
LEADER : 00000nam 2200000uu 4500
001    13399110992
003     ULIB
008    110614s||||||||th 000 0 tha d
020    9744840153(ล.10)
050  4 AC159^bส631น ล.10 2543
245 00 108 ซองคำถาม.^nเล่ม 10 /^cประวิทย์ สุวณิชย์, บรรณาธิการ
250    พิมพ์ครั้งที่ 3
260    กรุงเทพฯ :^bสารคดี,^c2543
300    200 หน้า :^bภาพประกอบ
650  4 ความรู้ทั่วไป
650  4 รวมเรื่อง
650  4 คำถามและคำตอบ
700 0  ประวิทย์ สุวณิชย์
945    ^p95^l0^i019548
995    ทศพร
999 ^a ใช้งานได้ทุกระบบ
รายการนี้ยังไม่มีแท็ก
คุณยังไม่ได้ล็อกอิน คุณสามารถมีกิจกรรมร่วมกับเว็บไซต์ได้ แต่ต้องล็อกอินก่อน ::
  ล็อกอิน

รายการสื่อสารสนเทศ

ลำดับที่ ประเภท เลขเรียก/บาร์โค้ด สถานที่ สถานะ
- ไม่พบข้อมูล -

รายการใกล้เคียง
    หัวเรื่อง [ความรู้ทั่วไป]
    หัวเรื่อง [รวมเรื่อง]
    หัวเรื่อง [คำถามและคำตอบ]

BibComment


ยังไม่เคยถูกคอมเมนท์

คอมเมนท์ทรัพยากรรายการนี้
  คอมเมนท์: 108 ซองคำถาม เล่ม..


 Copyright 2026. Bcnsprnw @Library